UBT Library

Class and class conflict in industrial society. (Record no. 40582)

000 -LEADER
fixed length control field 00620cam a22002051 4500
001 - CONTROL NUMBER
control field 749577
005 - DATE AND TIME OF LATEST TRANSACTION
control field 20180119072502.0
008 - FIXED-LENGTH DATA ELEMENTS--GENERAL INFORMATION
fixed length control field 720107s1959 cau 000 0 eng
010 ## - LIBRARY OF CONGRESS CONTROL NUMBER
LC control number 59007425
040 ## - CATALOGING SOURCE
Original cataloging agency DLC
Transcribing agency DLC
Modifying agency DLC
041 1# - LANGUAGE CODE
Language code of text/sound track or separate title engger
080 ## - UNIVERSAL DECIMAL CLASSIFICATION NUMBER
Universal Decimal Classification number 301.44 DAH
082 00 - DEWEY DECIMAL CLASSIFICATION NUMBER
Classification number 301.44 DAH
100 1# - Rafti
Rafti 50
101 ## - Shkurtesa
Shkurtesa SOC
240 10 - UNIFORM TITLE
Uniform title <a href="Soziale Klassen und Klassenkonflikt in der industriellen Gesellschaft.">Soziale Klassen und Klassenkonflikt in der industriellen Gesellschaft.</a>
Language of a work English
245 10 - TITLE STATEMENT
Title Class and class conflict in industrial society.
Statement of responsibility, etc [Translated, rev., and expanded by the author]
906 ## - LOCAL DATA ELEMENT F, LDF (RLIN)
a 7
b cbc
c orignew
d u
e ocip
f 19
g y-gencatlg
942 ## - ADDED ENTRY ELEMENTS (KOHA)
Source of classification or shelving scheme
Item type Books
Holdings
Withdrawn status Lost status Source of classification or shelving scheme Damaged status Not for loan Collection code Permanent location Current location Shelving location Date acquired Total Checkouts Full call number Barcode Date last seen Price effective from Koha item type
          Koleksioni i përgjithshem UBT - Lipjan UBT - Lipjan Koleksioni i përgjithshem 01/19/2018   301.44 DAH 002-2995896 01/19/2018 01/19/2018 Books
UBT Library © 2015-2024. All rights reserved University Education for Business and Technology